000 01729 a2200277 4500
003 NUST
005 20230712085628.0
010 _a 2006299709
020 _a978-0-521-85274-6
035 _a(OCoLC)64313025
035 _a(OCoLC)ocm64313025
040 _cNust
082 0 4 _a543.5,LAS
245 0 0 _aLaser-induced breakdown spectroscopy (LIBS) :
_bfundamentals and applications /
_cEdited by Andrzej W. Miziolek, Vincenzo Palleschi and Israel Schechter.
260 _aCambridge, UK ;
_aNew York :
_bCambridge University Press,
_c2006.
300 _axvii, 620 p. ;
_bill. ;
_c26 cm.
505 _aHistory of fundamentals of LIBS (Page-1), Plasma Morphology (Page-40), from Sample to Signal in Laser-induced breakdown Spectroscopy: A Complex route to quantitative analysis (Page-122), Laser-induced breakdown in gases: experiments and simulation (Page-171), Analysis of aerosols by LIBS (Page-194), Chemical Imaging of Surfaces using LIBS (Page-254), Biomedical Applications of LIBS (Page-282), LIBS for the Analysis of Pharmaceutical Materials (Page-314),Cultural heritage Applications of LIBS (Page-332), Civilian and Military environmental contamination Studies Using LIBS (Page-368).
650 0 _aLaser-induced breakdown spectroscopy.
_91104
700 1 _aMiziolek, Andrzej W.,
_d1950-
_91283
700 1 _aPalleschi, V.
_91284
700 1 _aSchechter, Israel.
_91285
856 4 2 _3Contributor biographical information
_uhttp://www.loc.gov/catdir/enhancements/fy0733/2006299709-b.html
856 4 2 _3Publisher description
_uhttp://www.loc.gov/catdir/enhancements/fy0618/2006299709-d.html
856 4 2 _3Table of contents only
_uhttp://www.loc.gov/catdir/enhancements/fy0618/2006299709-t.html
942 _cBK
_2ddc
_k543.5,LAS
999 _c176932
_d176932